Find Five 'R' Things Quiz Stats

 Plays Quiz Updated Nov 23, 2017

Challenge
Share
Tweet
Embed
Score 0/50 Timer 05:00
7 Plays Today
% Correct
Rachel
93.8%
Rolling Stones
93.5%
Ruth
91.8%
Rebekah
90.5%
Rupee
90.5%
Rouge
89.9%
Rangers
89.9%
Reduce
89.2%
Recycle
89.1%
Reykjavik
88.7%
Roberts
88.2%
Rome
88.2%
R.E.M.
88.1%
Ramones
88.1%
Reuse
87.8%
Rapunzel
87%
Refuse
86.9%
Royals
86.8%
Run-D.M.C.
86.7%
Ruble
86.6%
Rojo
86%
Repurpose
85.5%
Reds
85.4%
Rockies
85.3%
Robin Hood
84.3%
% Correct
Robbins
84.3%
Rays
80.8%
Ronettes
79.4%
Röd
79.2%
Raichu
77.8%
Rhoda
77.1%
Riyadh
76.8%
Ralph
75.4%
Riga
73.2%
Redmayne
71.2%
Rafiki
69.8%
Rosso
69.5%
Rex
66.7%
Rot
66.5%
Rabat
65.3%
Rand
62.4%
Rhyhorn
62.3%
Robards
62%
Rapidash
61.7%
Riyal
61.5%
Rattata
56.3%
Rhydon
55.7%
Rahab
40.8%
Rylance
39.4%
Ringgit
36.5%

You're not logged in!

Compare scores with friends on all Sporcle quizzes.
OR
Log In

You Might Also Like...

Show Comments

Extras

Top Quizzes Today


Score Distribution

Your Account Isn't Verified!

In order to create a playlist on Sporcle, you need to verify the email address you used during registration. Go to your Sporcle Settings to finish the process.

Report this User

Report this user for behavior that violates our Community Guidelines.

Details: